| 000 | 02436nam a2200313 4500 | ||
|---|---|---|---|
| 001 | 161 | ||
| 003 | OSt | ||
| 005 | 20250528074013.0 | ||
| 008 | 250129b |||||||g |||| 00| 1 eng d | ||
| 020 | _a9788599296462 | ||
| 040 | _bpor | ||
| 041 |
_heng _apor |
||
| 082 |
_a813 _bC655c |
||
| 100 | 1 |
_aCoben, Harlan, _d1962- _9309 |
|
| 240 | _aHold tight | ||
| 245 |
_aConfie em mim / _cCoben, Harlan ; Tradução de Marcelo Mendes |
||
| 260 |
_aRio de Janeiro _bSextante _c2009 |
||
| 300 | _a317 p. | ||
| 520 | _aPreocupados com o comportamento cada vez mais distante de seu filho Adam – principalmente depois do suicídio de seu melhor amigo, Spencer Hill –, o Dr. Mike Baye e sua esposa, Tia, decidem instalar um programa de monitoração no computador do garoto. Os primeiros relatórios não revelam nada importante. Porém, quando eles já começavam a se sentir mais tranqüilos, uma estranha mensagem muda completamente o rumo dos acontecimentos: “Fica de bico calado que a gente se safa.” Perto dali, a mãe de Spencer, Betsy, encontra uma foto que levanta suspeitas sobre as circunstâncias da morte de seu filho. Ao contrário do que todos pensavam, ele não estava sozinho naquela noite fatídica. Teria sido mesmo suicídio? Para tornar o caso ainda mais estranho, Adam combina ir a um jogo com o pai, mas desaparece misteriosamente. Acreditando que o garoto está correndo grande perigo, Mike não medirá esforços para encontrá-lo. Quando duas mulheres são assassinadas, uma série de acontecimentos faz com que a vida de todas essas pessoas se cruzem de forma trágica, violenta e inesperada. Confie em mim é um suspense eletrizante, mas também um convite à reflexão sobre temas mais profundos. Neste livro, Harlan Coben – vencedor de diversos prêmios e presença constante nas listas de mais vendidos de todo o mundo – aborda assuntos atuais, como a facilidade de acesso a informações na era da internet, e questiona os limites no relacionamento entre pais e filhos: quando é hora de intervir? Quando o melhor é simplesmente confiar? Até onde você iria para proteger as pessoas que mais ama na vida? | ||
| 650 | 0 |
_aLiteratura Americana _984 |
|
| 650 | 0 |
_aCrime e Investigação _913 |
|
| 650 | 0 |
_aMistério _942 |
|
| 650 | 0 |
_aSuspense _910 |
|
| 650 | 0 |
_aFilme _926 |
|
| 655 | 0 |
_aRomance _923 |
|
| 655 | 0 |
_aFicção _922 |
|
| 700 |
_aMarcelo Mendes _eTradutor _9255 |
||
| 942 |
_2ddc _n0 _cBK |
||
| 999 |
_c161 _d161 |
||